| 000 | 00802nam a2200289Ia 4500 | ||
|---|---|---|---|
| 003 | OSt | ||
| 005 | 20221006151822.0 | ||
| 006 | a|||||r|||| 00| 0 | ||
| 007 | ta | ||
| 008 | 221006b |||||||| |||| 00| 0 hin d | ||
| 020 | _c435.00 | ||
| 024 | _a23,503 | ||
| 037 | _cTextual | ||
| 040 |
_aEASL _cEASL _bhin |
||
| 041 |
_2hin _ahin |
||
| 082 | _aV41:1942.N8, M0 | ||
| 100 |
_aIRIYE Akira Ed. _917230 |
||
| 245 | 0 |
_aChinese and the Japanese _b Essays in political and cultural interactions |
|
| 260 |
_aPrinceton _bPrinceton University Press _c1980 |
||
| 300 |
_a368p. _ccm. |
||
| 650 | _a JEL | ||
| 650 |
_a Korea _9317392 |
||
| 650 |
_a Reform Movement _9660068 |
||
| 650 | _aCEL | ||
| 942 |
_hV41:1942.N8, M0 _cTEXL _2CC |
||
| 999 |
_c1091589 _d1091589 |
||